Responses for show #4309 - Thursday, May 1, 2003

2003 Celebrity Jeopardy! game 4.

Contestants

[<< previous game]

Paul McCrane, an actor from ER

Lauren Graham, an actress from Gilmore Girls

Chris Matthews, a TV host from Hardball and The Chris Matthews Show

[next game >>]

Jeopardy! Round responses

TV WORKPLACES
COOKIES
GOVERNMENT & POLITICS
HARD BALLS
WISH YOU WERE HERE
THAT'S SO CLICHE!
    $200 2
Homer Simpson

Triple Stumper
    $200 7
(Chris: What is W. K--what--what is--who is W.--uh--who is--wh-who is it?)
[Laughter and applause]

Mrs. Fields

ChrisPaul
    $200 1
July 4, 1776

Lauren
    $200 24
football

Lauren
    $200 12
Germany

Lauren
    $200 15
a bull

Lauren
    $400 3
Cheers

Chris
    $400 20
the Keebler Elf

Lauren
    $400 4
(Chris: What is [*]?)
(Alex: You have to ring in. Chris.)
(Chris: What is [*]?)
(Alex: That's right. You got it right both times.)
(Chris: I'm learning.)
(Alex: But you get paid for only one.)

3

Chris
    $400 25
the cue ball

Chris
    $400 13
(Paul: What is France? Er, what is Paris?)
(Alex: We're going for the church.)
(Paul: Oh! Um, oh! Let me see...)
(Alex: Sorry, too much time.)

Notre Dame

ChrisPaul
    $400 16
an egg

Paul
    $600 9
(Paul: Who is Quincy?)
(Lauren: Uh, who is Jordan?)
(Alex: Shyuh, be more specific.)
(Lauren: Uh, who--what is [*]?)
(Alex: That's the drama, yes.)

Crossing Jordan

LaurenPaul
    $600 21
a Fig Newton

Lauren
    $600 5
the Supreme Court

Paul
    $1,000 26
the moon

Chris
    $600 14
(Chris: What is, um... What--what is, um...)

Stockholm

Chris
Triple Stumper
    $600 17
a picture

Paul
    $800 10
L.A. Law

Chris
    $800 22
(Lauren: I don't know why I know all these. It's--embarrassing.)

an Oreo

Lauren
    $800 6
Union

Lauren
    $800 27
the goalie

Lauren
    $800 18
(Alex: [*], makes it hard to play, though.)

fingers

Chris
    $1000 11
Mel's Diner

Lauren
    $1000 23
Pepperidge Farm

Triple Stumper
    $1000 8
Nancy Pelosi

Chris
    $1000 19
(Chris: [*]ed.)
(Alex: Lauren.)
(Lauren: [Sheepishly, as Chris already blurted out the correct response without ringing in] Um, uh, what is [*]?)
(Alex: That's right. You see, Chris is used to hosting his own program--)
(Lauren: I know. I know.)
(Alex: --and saying whatever he wants without fear of interruption! Lauren, you select. You have the lead.)

the spirit

Lauren

Scores at the first commercial break (after clue 15):

Chris Lauren Paul
$2,200 $3,000 -$200

Scores at the end of the Jeopardy! Round:

Chris Lauren Paul
$4,400 $6,800 $800

Double Jeopardy! Round responses

HISTORIC MOMENTS
ER TALK
GILMORE GIRLS & BOYS
YOU SHOULD BE IN AN OPERA!
HOLIDAYS & OBSERVANCES
ANIMAL, VEGETABLE OR MINERAL
    $400 4
[Chris responds before being called on.]

George Washington

Chris
    $400 1
(Lauren: I'm guessing--what is red?)

blue

LaurenPaul
    $400 8
the Farmer's Market

Lauren
    $400 16
the witch

Lauren
    $400 10
(Lauren: Uh, what is a pumpkin?)

a jack-o'-lantern

ChrisLauren
    $400 17
mineral

Lauren
    $800 5
[Chris again responds before being called on.]
[Laughter]
(Alex: Yes, but the show is Jeopardy! hosted by Alex Trebek. When it's Jeopardy! hosted by Chris Matthews, then you can come in before you're recognized.)
(Chris: I--my ambitions don't rise that high.)
(Alex: All right. Thank you. Go again.)

the Civil War

Chris
    $800 2
stat

Paul
    $800 9
Australia

Chris
    $800 22
(Lauren: Uh, who is, um, y'know, the other Italian guy?)
(Alex: Yeessss! I know who he is, but do Paul and Chris know who he i--Paul?)

Luciano Pavarotti

LaurenPaul
    $800 11
Labor Day

Chris
    $800 18
vegetable

Paul
    $1200 6
Boris Yeltsin

Chris
    $1200 3
(Paul: What is milliliters?)

cubic centimeter

ChrisPaul
    $1200 25
Cy Young

Chris
    $1200 23
Maria Callas

Lauren
    $1,000 12
(Chris: What is February?)

April Fool's Day

Chris
    $1200 19
mineral

Lauren
    $1600 7
Spain

Lauren
    $1600 28
a physical therapist

Paul
    $1600 26
Gary Gilmore

Paul
    $1,000 24
Henry VIII

Lauren
    $1600 13
Hanukkah

Paul
    $1600 20
animal

Lauren
    $2000 15
Captain Cook

Chris
    $2000 29
airway

Paul
    $2000 27
(Alex: That is "[*] Chorus." [*]. That was the instrument.)

the anvil

Triple Stumper
    $2000 30
Caruso

Chris
    $2000 14
Thanksgiving

Chris
    $2000 21
vegetable

Paul

Scores at the end of the Double Jeopardy! Round:

Chris Lauren Paul
$16,200 $13,000 $11,200

[wagering suggestions for these scores]

Final Jeopardy! Round responses

GOVERNMENT AGENCIES
PaulWhat is the Private Eye
$11,100
LaurenWhat is the CIA?
$13,000
ChrisWhat is the Central Intelligence Agency
$16,200
the CIA

Final scores:

Chris Lauren Paul
$32,400 $26,000 $100
Winner: $50,000 to La Salle High School and College of the Holy Cross 2nd place: $26,000 to Oxfam 3rd place: $20,000 to Children's Hospital of Philadelphia and Children's Hospital of Los Angeles

Game dynamics:

Coryat scores:

Chris Lauren Paul
$16,800 $13,600 $11,200
19 R
(including 1 DD),
3 W
(including 1 DD)
20 R
(including 1 DD),
3 W
13 R,
3 W

Combined Coryat: $41,600

The J! Archive is created by fans, for fans. The Jeopardy! game show and all elements thereof, including but not limited to copyright and trademark thereto, are the property of Jeopardy Productions, Inc. and are protected under law. This website is not affiliated with, sponsored by, or operated by Jeopardy Productions, Inc. Join the discussion at JBoard.tv.